Normal view
MARC view
Entry Término temático
001 - NÚMERO DE CONTROL
- campo de control: 6279
003 - IDENTIFICADOR DEL NÚMERO DE CONTROL
- campo de control: FranzMayer
005 - FECHA Y HORA DE LA ÚLTIMA TRANSACCIÓN
- campo de control: 20190320203644.0
008 - DATOS DE LONGITUD FIJA
- campo de control de longitud fija: 190320|| aca||aabn | a|a d
040 ## - FUENTE DE LA CATALOGACIÓN
- Centro catalogador/agencia de origen: FranzMayer
- Centro/agencia transcriptor: FranzMayer
150 ## - ENCABEZAMIENTO--TÉRMINO DE MATERIA
- Término de materia o nombre geográfico como elemento de entrada: Carteles
- Subdivisión de forma: Concursos
- Subdivisión general: Diseño
- Subdivisión geográfica: México
670 ## - FUENTE DE DATOS ENCONTRADOS
- Cita de la fuente: Work cat.: (FranzMayer): 9 [i.e. Novena] Bienal Internacional del Cartel en México = Ninth International Biennial of the Poster in Mexico = Neuvième Biennale Internationale de L´Affiche au Mexique., 2006